Subodh Pooja Padathi/ (Record no. 145896)

000 -LEADER
fixed length control field 00368nam a22001457a 4500
082 ## - DEWEY DECIMAL CLASSIFICATION NUMBER
Classification number S 294.592 1
Item number ARJ/S
100 ## - MAIN ENTRY--AUTHOR NAME
Personal name Arjun Prasad Mishra
245 ## - TITLE STATEMENT
Title Subodh Pooja Padathi/
Statement of responsibility, etc by Arjun Prasad Mishra
260 ## - PUBLICATION, DISTRIBUTION, ETC. (IMPRINT)
Place of publication Jaipur:
Name of publisher Vishwa Samvad Kendra,
Year of publication 2008.
300 ## - PHYSICAL DESCRIPTION
Number of Pages 118p.
650 ## - SUBJECT ADDED ENTRY--TOPICAL TERM
Topical Term Vedic Literature
650 ## - SUBJECT ADDED ENTRY--TOPICAL TERM
Topical Term Hinduism
650 ## - SUBJECT ADDED ENTRY--TOPICAL TERM
Topical Term Religion
942 ## - ADDED ENTRY ELEMENTS (KOHA)
Koha item type Book
Holdings
Withdrawn status Lost status Damaged status Not for loan Permanent Location Current Location Shelving location Date acquired Cost, normal purchase price Full call number Accession Number Price effective from Koha item type
        Sree Sankaracharya University of Sanskrit Sree Sankaracharya University of Sanskrit Stacks 09.02.2021 35.00 S 294.592 1 ARJ/S 057030 09.02.2021 Book